000 00602nam a22002057a 4500
005 20260515163346.0
008 260515b |||||||| |||| 00| 0 eng d
020 _a9789332549883
_c890.00
040 _aMAIN
041 _aEnglish
082 _a006.3
_bJAN
100 _aJang, Jyh Shing Roger
_923164
245 _aNeuro Fuzzy and Soft Computing
_b : A Computational Approach to Learning and Machine Intelligence
260 _aNioda
_bPearson
_c2025
300 _a614
650 _aComputer Science (PM (USHA)
_926808
700 _aSun, C.T.
_923165
700 _aMizutani, E.
_923166
942 _cBK
999 _c60814
_d60814